| 000 | 00327nam a22001217a 4500 | ||
|---|---|---|---|
| 008 | 160420b xxu||||| |||| 00| 0 eng d | ||
| 020 | _a9780131723948 | ||
| 020 | _a013172394 | ||
| 041 | _aeng | ||
| 080 | _a618.2 | ||
| 245 |
_aMaternal CHild Nursing Care: _cMarcia L. London; Patricia W. Ladewing; Jane W.Ball; |
||
| 942 |
_2udc _cBK |
||
| 999 |
_c1466 _d1466 |
||